[Event "POL-chT3 Kujawsko-Pomorskie 2223"]
[Site "Poland"]
[Date "2022.??.??"]
[Round "1.4"]
[White "Zielinski, Tomasz1"]
[Black "Chandryko, Jan"]
[Result "1-0"]
[WhiteElo "1180"]
[BlackElo "1002"]
[PlyCount "115"]
[EventDate "2022.11.13"]
[EventType "team-swiss"]
[EventRounds "7"]
[EventCountry "POL"]
[SourceTitle "EXT 2024"]
[Source "ChessBase"]
[SourceDate "2023.10.10"]
[SourceVersion "1"]
[SourceVersionDate "2023.10.10"]
[SourceQuality "1"]

1. c4 e5 2. Nc3 Nf6 3. e3 Nc6 4. Nd5 Bc5 5. a3 0-0 6. b4 Bd6 7. Nxf6+ Qxf6 8. c5 Be7 9. Bb2 d6 10. cxd6 Bxd6 11. b5 Na5 12. d4 Be6 13. d5 Bf5 14. Qa4 b6 15. e4 Bg6 16. Be2 Bc5 17. Nf3 Nb7 18. Bxe5 Qe7 19. Bd3 Rfe8 20. 0-0 Nd6 21. Rfe1 f6 22. Bg3 Qd7 23. Rab1 a6 24. Qc2 axb5 25. Bxd6 Qxd6 26. Bxb5 Re7 27. a4 Qf4 28. Bc6 Rd8 29. a5 Bxe4 30. Qc4 Qf5 31. d6+ Kh8 32. dxe7 Bxe7 33. Bxe4 Qf4 34. axb6 cxb6 35. Rxb6 f5 36. Bd3 Qxc4 37. Bxc4 Bc5 38. Rc6 h6 39. Rxc5 Rf8 40. Nh4 Kh7 41. Rxf5 Rxf5 42. Bd3 g6 43. Nxf5 gxf5 44. Bxf5+ Kg8 45. h4 Kg7 46. g4 Kf6 47. Re6+ Kg7 48. Rg6+ Kf7 49. Rxh6 Ke7 50. f4 Kf7 51. h5 Kg7 52. g5 Kf7 53. Rh7+ Kf8 54. Be6 Ke8 55. g6 Kf8 56. h6 Ke8 57. g7 Kd8 58. g8Q# 1-0